[Event "HUN-chW Preliminary 2019"]
[Site "Budapest"]
[Date "2019.12.04"]
[Round "1.1"]
[White "Gaal, Zsoka"]
[Black "Havanecz, Bianka"]
[Result "1/2-1/2"]
[WhiteElo "2102"]
[BlackElo "2259"]
[Annotator "RC"]
[PlyCount "67"]
[EventDate "2019.12.04"]
[EventType "k.o."]
[EventCountry "HUN"]
[SourceTitle "playchess.com"]
[Source "ChessBase"]
[SourceQuality "1"]
[TimeControl "40/5400+30:1800+30"]

1. c4 {[%emt 0:00:07]} e6 {[%emt 0:01:37]} 2. Nf3 {[%emt 0:00:25]} Nf6 {[%emt 0:00:53]} 3. g3 {[%emt 0:00:13]} d5 {[%emt 0:00:45]} 4. Bg2 {[%emt 0:00:08]} Be7 {[%emt 0:00:20]} 5. O-O {[%emt 0:00:09]} O-O {[%emt 0:00:14]} 6. d4 {[%emt 0:00:07]} dxc4 {[%emt 0:00:48]} 7. Qa4 {[%emt 0:00:07]} a6 {[%emt 0:00:32]} 8. Qxc4 {[%emt 0:00:08]} b5 {[%emt 0:00:32]} 9. Qc2 {[%emt 0:00:07]} Bb7 {[%emt 0:00:11]} 10. Bf4 {[%emt 0:00:22]} Nd5 {[%emt 0:04:20]} 11. Nc3 {[%emt 0:00:24]} Nxf4 {[%emt 0:01:46]} 12. gxf4 {[%emt 0:00:18]} Nd7 {[%emt 0:02:43]} 13. Rfd1 {[%emt 0:02:34]} Nf6 {[%emt 0:03:11]} 14. Rac1 {[%emt 0:05:06]} Bd6 {[%emt 0:08:28]} 15. e3 {[%emt 0:00:57]} Qe7 16. a3 {[%emt 0:05:50]} Rfb8 {[%emt 0:34:34]} 17. h3 {[%emt 0:11:24]} c5 {[%emt 0:08:35]} 18. dxc5 {[%emt 0:04:25]} Bxc5 {[%emt 0:00:05]} 19. Qe2 {[%emt 0:05:50]} Rd8 {[%emt 0:03:32]} 20. Ne5 {[%emt 0:06:29]} Bxg2 {[%emt 0:01:31]} 21. Kxg2 {[%emt 0:00:09]} Rxd1 {[%emt 0:01:54]} 22. Rxd1 {[%emt 0:00:25]} Rc8 {[%emt 0:04:13]} 23. Qf3 {[%emt 0:02:16]} Bd6 {[%emt 0:04:20]} 24. Nc6 {[%emt 0:03:46]} Qc7 {[%emt 0:00:33]} 25. Na7 {[%emt 0:01:56]} Qxa7 {[%emt 0:03:11]} 26. Rxd6 {[%emt 0:04:11]} h6 {[%emt 0:01:03]} 27. Kh2 {[%emt 0:04:57]} Ne8 {[%emt 0:00:30]} 28. Rd4 {[%emt 0:01:05]} Qc7 {[%emt 0:00:52]} 29. Qd1 {[%emt 0:01:15]} Nf6 {[%emt 0:01:59]} 30. Rd6 {[%emt 0:08:50]} Qb7 {[%emt 0:01:51]} 31. Rd8+ {[%emt 0:00:29]} Rxd8 {[%emt 0:00:10]} 32. Qxd8+ {[%emt 0:00:11]} Kh7 {[%emt 0:00:03]} 33. Qd3+ {[%emt 0:00:31]} Kg8 {[%emt 0:01:21]} 34. Qd8+ {[%emt 0:02:00]} 1/2-1/2

[Event "HUN-chW Preliminary 2019"]
[Site "Budapest"]
[Date "2019.12.05"]
[Round "1.2"]
[White "Terbe, Julianna"]
[Black "Juhasz, Barbara"]
[Result "1/2-1/2"]
[WhiteElo "2277"]
[BlackElo "2210"]
[Annotator "NA"]
[PlyCount "46"]
[EventDate "2019.12.04"]
[EventType "k.o."]
[EventCountry "HUN"]
[SourceTitle "playchess.com"]
[Source "ChessBase"]
[SourceQuality "1"]
[TimeControl "40/5400+30:1800+30"]

1. e4 {[%emt 0:00:18]} c5 {[%emt 0:00:20]} 2. Nf3 {[%emt 0:00:06]} Nc6 {[%emt 0:00:10]} 3. Bb5 {[%emt 0:00:39]} g6 {[%emt 0:00:20]} 4. Bxc6 {[%emt 0:00:06]} dxc6 {[%emt 0:00:06]} 5. d3 {[%emt 0:00:12]} Bg7 {[%emt 0:00:21]} 6. h3 {[%emt 0:00:05]} Nf6 {[%emt 0:00:17]} 7. Nc3 {[%emt 0:00:09]} O-O {[%emt 0:00:38]} 8. O-O {[%emt 0:00:57]} Re8 {[%emt 0:03:39]} 9. Bf4 {[%emt 0:03:14]} Nd7 {[%emt 0:20:13]} 10. Qd2 {[%emt 0:00:07]} e5 {[%emt 0:00:32]} 11. Bh6 {[%emt 0:00:08]} Nf8 {[%emt 0:00:53]} 12. Ne2 {[%emt 0:02:40]} Qd6 {[%emt 0:20:24]} 13. a4 {[%emt 0:04:43]} a5 {[%emt 0:02:20]} 14. Bxg7 {[%emt 0:02:15]} Kxg7 {[%emt 0:00:05]} 15. Qc3 {[%emt 0:00:11]} f6 {[%emt 0:01:37]} 16. Nd2 {[%emt 0:00:56]} Ne6 {[%emt 0:01:33]} 17. Nc4 {[%emt 0:00:19]} Qc7 {[%emt 0:00:05]} 18. Rae1 {[%emt 0:05:24]} b5 {[%emt 0:17:44]} 19. Ne3 {[%emt 0:07:02]} b4 {[%emt 0:03:59]} 20. Qd2 {[%emt 0:00:22]} Nd4 {[%emt 0:11:50]} 21. Kh2 {[%emt 0:07:43]} Be6 {[%emt 0:00:38]} 22. Ng1 {[%emt 0:00:38]} Rad8 {[%emt 0:04:50]} 23. b3 {[%emt 0:01:48]} f5 1/2-1/2

[Event "HUN-chW Preliminary 2019"]
[Site "Budapest"]
[Date "2019.12.05"]
[Round "1.2"]
[White "Havanecz, Bianka"]
[Black "Gaal, Zsoka"]
[Result "1-0"]
[WhiteElo "2259"]
[BlackElo "2102"]
[Annotator "NA"]
[PlyCount "85"]
[EventDate "2019.12.04"]
[EventType "k.o."]
[EventCountry "HUN"]
[SourceTitle "playchess.com"]
[Source "ChessBase"]
[SourceQuality "1"]
[TimeControl "40/5400+30:1800+30"]

1. d4 {[%emt 0:00:02]} Nf6 {[%emt 0:00:07]} 2. c4 {[%emt 0:00:05]} e6 {[%emt 0:00:07]} 3. Nf3 {[%emt 0:00:14]} d5 {[%emt 0:00:13]} 4. g3 {[%emt 0:01:17]} Bb4+ {[%emt 0:00:21]} 5. Bd2 {[%emt 0:00:06]} Be7 {[%emt 0:00:09]} 6. Bg2 {[%emt 0:00:08]} c6 {[%emt 0:00:06]} 7. Qc2 {[%emt 0:01:34]} Nbd7 {[%emt 0:01:17]} 8. O-O {[%emt 0:00:12]} O-O {[%emt 0:00:37]} 9. Bf4 {[%emt 0:00:24]} b6 {[%emt 0:05:15]} 10. Rd1 {[%emt 0:01:11]} Ba6 {[%emt 0:07:17]} 11. Nbd2 {[%emt 0:01:49]} Rc8 {[%emt 0:02:18]} 12. Rac1 {[%emt 0:05:42]} Bxc4 {[%emt 0:06:39]} 13. Nxc4 {[%emt 0:00:13]} dxc4 {[%emt 0:00:08]} 14. Qxc4 {[%emt 0:00:33]} Nd5 {[%emt 0:04:03]} 15. Bd2 {[%emt 0:00:37]} c5 {[%emt 0:02:40]} 16. e4 {[%emt 0:01:24]} N5f6 {[%emt 0:01:07]} 17. d5 {[%emt 0:03:47]} exd5 {[%emt 0:01:07]} 18. exd5 {[%emt 0:00:05]} Bd6 {[%emt 0:01:20]} 19. Bc3 {[%emt 0:01:30]} Qc7 {[%emt 0:03:38]} 20. Nh4 {[%emt 0:03:43]} g6 {[%emt 0:08:38]} 21. Nf3 {[%emt 0:01:40]} Rfe8 {[%emt 0:04:05]} 22. Re1 {[%emt 0:10:15]} Qb7 {[%emt 0:09:26]} 23. Qh4 {[%emt 0:04:19]} Nh5 {[%emt 0:09:21]} 24. Ng5 {[%emt 0:12:05]} h6 {[%emt 0:06:49]} 25. Ne4 {[%emt 0:05:21]} Be7 {[%emt 0:02:39]} 26. Qh3 {[%emt 0:00:05]} Bf8 {[%emt 0:12:40]} 27. Bf3 {[%emt 0:04:34]} Rxe4 {[%emt 0:01:34]} 28. Rxe4 {[%emt 0:00:54]} Nhf6 {[%emt 0:01:58]} 29. Re2 {[%emt 0:05:48]} Rd8 {[%emt 0:01:36]} 30. Qh4 {[%emt 0:02:23]} g5 {[%emt 0:01:26]} 31. Qh3 {[%emt 0:03:17]} Qa6 {[%emt 0:01:07]} 32. Qf5 {[%emt 0:01:05]} Bg7 {[%emt 0:01:36]} 33. Re7 {[%emt 0:01:43]} Qxa2 {[%emt 0:01:13]} 34. Bh5 {[%emt 0:02:17]} Rf8 {[%emt 0:01:08]} 35. Bf3 {[%emt 0:04:45]} Rd8 {[%emt 0:00:47]} 36. Rce1 {[%emt 0:00:33]} b5 {[%emt 0:00:55]} 37. d6 {[%emt 0:03:50]} b4 {[%emt 0:01:55]} 38. Bxf6 {[%emt 0:00:05]} Nxf6 {[%emt 0:00:03]} 39. d7 {[%emt 0:00:12]} Qa4 {[%emt 0:00:46]} 40. b3 {[%emt 0:00:00]} Qb5 {[%emt 0:00:00]} 41. Bd5 {[%emt 0:06:59]} Rxd7 {[%emt 0:04:49]} 42. Qg6 {[%emt 0:00:55]} Rxd5 {[%emt 0:02:32]} 43. Qxf7+ {[%emt 0:00:06]} 1-0

[Event "HUN-chW Preliminary 2019"]
[Site "Budapest"]
[Date "2019.12.05"]
[Round "1.2"]
[White "Goczo, Melinda"]
[Black "Fuad Kamel Jamaliah, Natalie"]
[Result "1-0"]
[WhiteElo "2222"]
[BlackElo "2029"]
[Annotator "NA"]
[PlyCount "71"]
[EventDate "2019.12.04"]
[EventType "k.o."]
[EventCountry "HUN"]
[SourceTitle "playchess.com"]
[Source "ChessBase"]
[SourceQuality "1"]
[TimeControl "40/5400+30:1800+30"]

1. d4 {[%emt 0:00:48]} d5 {[%emt 0:00:11]} 2. c4 {[%emt 0:00:18]} e6 {[%emt 0:00:12]} 3. Nf3 {[%emt 0:00:12]} Nf6 {[%emt 0:00:35]} 4. g3 {[%emt 0:00:33]} c6 {[%emt 0:00:12]} 5. Bg2 {[%emt 0:00:17]} Nbd7 {[%emt 0:00:31]} 6. O-O {[%emt 0:00:44]} dxc4 {[%emt 0:01:07]} 7. a4 {[%emt 0:01:33]} b6 {[%emt 0:01:14]} 8. Qc2 {[%emt 0:15:28]} Ba6 {[%emt 0:02:48]} 9. Rd1 {[%emt 0:03:14]} Rc8 {[%emt 0:08:00]} 10. e4 {[%emt 0:08:53]} Bb4 {[%emt 0:13:19]} 11. h3 {[%emt 0:30:09]} h6 {[%emt 0:11:57]} 12. g4 {[%emt 0:02:07]} Qc7 {[%emt 0:04:55]} 13. Kh1 {[%emt 0:05:21]} Rd8 {[%emt 0:16:43]} 14. Be3 {[%emt 0:07:23]} Be7 {[%emt 0:06:16]} 15. Nc3 {[%emt 0:01:10]} Bb7 {[%emt 0:02:46]} 16. Qe2 {[%emt 0:06:40]} Ba6 {[%emt 0:04:58]} 17. Qc2 {[%emt 0:04:23]} g5 {[%emt 0:03:10]} 18. Re1 {[%emt 0:01:40]} h5 {[%emt 0:03:37]} 19. e5 {[%emt 0:07:09]} hxg4 {[%emt 0:05:43]} 20. Nxg5 {[%emt 0:00:10]} gxh3 {[%emt 0:01:35]} 21. Bf3 {[%emt 0:00:11]} Nh5 {[%emt 0:03:29]} 22. Nxe6 {[%emt 0:00:12]} Qb7 {[%emt 0:01:43]} 23. Bxh5 {[%emt 0:00:47]} c5+ {[%emt 0:00:53]} 24. d5 {[%emt 0:00:52]} Nxe5 {[%emt 0:02:21]} 25. Qe4 {[%emt 0:00:40]} Nd3 {[%emt 0:02:30]} 26. Rg1 {[%emt 0:00:51]} Rd6 {[%emt 0:01:12]} 27. Ng7+ {[%emt 0:00:49]} Kf8 {[%emt 0:00:27]} 28. Bf3 {[%emt 0:00:19]} Rh4 {[%emt 0:00:47]} 29. Rg4 {[%emt 0:00:40]} Rh8 {[%emt 0:00:27]} 30. Nf5 {[%emt 0:00:10]} Rf6 {[%emt 0:00:32]} 31. d6 {[%emt 0:01:05]} Qxe4 {[%emt 0:00:19]} 32. Bxe4 {[%emt 0:00:41]} Bxd6 {[%emt 0:00:30]} 33. Bf3 Be7 34. Nxe7 Kxe7 35. Bg5 Nxf2+ 36. Kh2 1-0

[Event "HUN-chW Preliminary 2019"]
[Site "Budapest"]
[Date "2019.12.04"]
[Round "1.2"]
[White "Juhasz, Barbara"]
[Black "Terbe, Julianna"]
[Result "1/2-1/2"]
[WhiteElo "2210"]
[BlackElo "2277"]
[Annotator "TA"]
[PlyCount "58"]
[EventDate "2019.12.04"]
[EventType "k.o."]
[EventCountry "HUN"]
[SourceTitle "playchess.com"]
[Source "ChessBase"]
[SourceQuality "1"]

{[%evp 16,58,42,31,43,41,41,35,43,0,32,36,45,43,37,46,74,60,90,49,79,62,86,37,54,52,54,47,50,55,55,18,12,15,5,0,4,0,6,0,0,0,0,0,0]} 1. e4 e5 2. Nf3 Nc6 3. Bb5 a6 4. Ba4 b5 5. Bb3 Na5 6. O-O d6 7. d4 exd4 8. Nxd4 Bb7 9. c4 c5 {C70: Ruy Lopez: 3...a6 4 Ba4, Norwegian and Delayed Schliemann} 10. Nf5 g6 11. Ne3 Bg7 {White is slightly better.} (11... Bxe4 12. Nc3 $16) 12. Nc3 (12. cxb5 axb5 13. Bd5 Nf6 14. Bxb7 Nxb7 15. Nc3 b4 16. Ncd5 O-O 17. Qd3 Na5 18. a4 Re8 19. Nxf6+ Bxf6 20. Rb1 b3 21. Bd2 Nc6 22. Qxb3 Nd4 23. Qd3 Rxa4 {½-½ (23) Morozevich,A (2656)-Vallejo Pons,F (2688) Kazan 2019}) 12... Nf6 13. cxb5 {[#]} O-O $146 ({Predecessor:} 13... axb5 14. Nxb5 O-O 15. Bd5 Nxe4 16. Bxb7 Nxb7 17. Qd5 {0-1 (29) Djukic,N (2518)-Vavulin,M (2550) Mali Losinj 2019}) 14. bxa6 Bxa6 15. Re1 Re8 16. Ba4 Re7 17. Bc2 Rb8 18. Bd3 Bb7 19. f3 d5 20. exd5 Nxd5 21. Nexd5 Rxe1+ 22. Qxe1 {[#] And now Bf4 would win.} Bxd5 23. Bf4 Rxb2 {Hoping for ...Be6.The position is equal.} 24. Nxd5 Qxd5 25. Qe8+ ({But not} 25. Qxa5 $2 Qd4+ 26. Kh1 Qxf4 $19) 25... Bf8 $132 {[%mdl 2048] Black puts up resistance} 26. Bh6 {[%csl Gh6][%cal Re8f8] [#]} Qd4+ 27. Kh1 {[%csl Gh6][%cal Re8f8]} Qd6 28. Bxf8 Qxf8 29. Qe5 Rd2 {Accuracy: White = 60%, Black = 51%.} 1/2-1/2

[Event "HUN-chW Preliminary 2019"]
[Site "Budapest"]
[Date "2019.12.05"]
[Round "1.2"]
[White "Gal, Hanna Krisztina"]
[Black "Demeter, Dorina"]
[Result "1-0"]
[WhiteElo "2174"]
[BlackElo "2063"]
[Annotator "NA"]
[PlyCount "146"]
[EventDate "2019.12.04"]
[EventType "k.o."]
[EventCountry "HUN"]
[SourceTitle "playchess.com"]
[Source "ChessBase"]
[SourceQuality "1"]
[TimeControl "40/5400+30:1800+30"]

1. e4 {[%emt 0:00:02]} e5 {[%emt 0:00:08]} 2. Nf3 {[%emt 0:00:08]} Nc6 {[%emt 0:00:19]} 3. Bb5 {[%emt 0:00:09]} a6 {[%emt 0:00:21]} 4. Ba4 {[%emt 0:00:08]} Nf6 {[%emt 0:00:09]} 5. O-O {[%emt 0:00:15]} Be7 {[%emt 0:00:42]} 6. Re1 {[%emt 0:00:24]} b5 {[%emt 0:00:31]} 7. Bb3 {[%emt 0:00:08]} d6 {[%emt 0:00:31]} 8. c3 {[%emt 0:00:57]} O-O {[%emt 0:00:28]} 9. h3 {[%emt 0:00:19]} Re8 {[%emt 0:00:38]} 10. d4 {[%emt 0:00:32]} Bb7 {[%emt 0:01:15]} 11. Nbd2 {[%emt 0:00:24]} Bf8 {[%emt 0:00:40]} 12. a3 {[%emt 0:00:38]} h6 {[%emt 0:05:14]} 13. Bc2 {[%emt 0:01:17]} g6 {[%emt 0:05:05]} 14. b3 {[%emt 0:02:43]} Bg7 {[%emt 0:02:59]} 15. Bb2 {[%emt 0:00:28]} Qe7 {[%emt 0:05:53]} 16. Bd3 {[%emt 0:09:09]} Nb8 {[%emt 0:10:39]} 17. a4 {[%emt 0:05:13]} exd4 {[%emt 0:07:33]} 18. cxd4 {[%emt 0:01:03]} c6 {[%emt 0:09:05]} 19. Qc2 {[%emt 0:14:23]} Nh5 {[%emt 0:06:11]} 20. Bf1 {[%emt 0:10:54]} Nd7 {[%emt 0:03:18]} 21. d5 {[%emt 0:12:47]} Rac8 {[%emt 0:10:01]} 22. Bxg7 {[%emt 0:01:10]} Nxg7 {[%emt 0:01:47]} 23. Qb2 {[%emt 0:10:26]} Qf6 {[%emt 0:05:46]} 24. Qxf6 {[%emt 0:01:48]} Nxf6 {[%emt 0:00:02]} 25. dxc6 {[%emt 0:00:44]} Bxc6 {[%emt 0:00:27]} 26. axb5 {[%emt 0:00:48]} axb5 {[%emt 0:06:44]} 27. Nd4 {[%emt 0:02:15]} Re5 {[%emt 0:09:27]} 28. Rac1 {[%emt 0:03:12]} Bd7 {[%emt 0:01:43]} 29. Rxc8+ {[%emt 0:00:30]} Bxc8 30. Nxb5 {[%emt 0:01:42]} d5 {[%emt 0:01:43]} 31. Nd6 {[%emt 0:04:29]} Bd7 {[%emt 0:01:18]} 32. Nf3 {[%emt 0:02:54]} Re7 {[%emt 0:01:09]} 33. e5 {[%emt 0:00:47]} Nfe8 {[%emt 0:01:01]} 34. Rd1 {[%emt 0:02:05]} Be6 {[%emt 0:00:58]} 35. Nxe8 {[%emt 0:02:10]} Rxe8 {[%emt 0:01:30]} 36. b4 {[%emt 0:00:39]} Nf5 {[%emt 0:00:59]} 37. b5 {[%emt 0:00:28]} Rb8 {[%emt 0:00:49]} 38. Rc1 {[%emt 0:02:21]} Rb6 {[%emt 0:01:06]} 39. g4 {[%emt 0:02:51]} Ne7 {[%emt 0:00:13]} 40. Nd4 {[%emt 0:00:00]} Kf8 {[%emt 0:00:00]} 41. Ra1 {[%emt 0:02:56]} Ke8 {[%emt 0:06:41]} 42. Ra6 {[%emt 0:02:10]} Nc8 {[%emt 0:00:54]} 43. f4 {[%emt 0:06:33]} Bd7 {[%emt 0:01:58]} 44. Ra8 {[%emt 0:04:29]} Kd8 {[%emt 0:02:00]} 45. f5 {[%emt 0:02:26]} gxf5 {[%emt 0:01:18]} 46. gxf5 {[%emt 0:00:04]} Kc7 {[%emt 0:00:40]} 47. Ra6 {[%emt 0:04:12]} Rxa6 {[%emt 0:05:26]} 48. bxa6 {[%emt 0:00:01]} Ne7 {[%emt 0:04:14]} 49. Bd3 {[%emt 0:01:12]} Kb6 {[%emt 0:04:51]} 50. e6 {[%emt 0:02:05]} Be8 {[%emt 0:00:25]} 51. f6 {[%emt 0:01:58]} Ng8 {[%emt 0:00:57]} 52. Bb5 {[%emt 0:05:07]} fxe6 {[%emt 0:03:10]} 53. Bxe8 {[%emt 0:00:03]} Nxf6 {[%emt 0:00:06]} 54. Bb5 {[%emt 0:00:17]} e5 {[%emt 0:01:44]} 55. Nf5 {[%emt 0:01:37]} Ne4 {[%emt 0:02:12]} 56. Bf1 {[%emt 0:01:48]} d4 {[%emt 0:01:35]} 57. Nxh6 {[%emt 0:04:02]} Ng5 {[%emt 0:00:52]} 58. Kg2 {[%emt 0:00:53]} e4 {[%emt 0:00:13]} 59. h4 {[%emt 0:01:02]} Nf3 {[%emt 0:00:12]} 60. h5 {[%emt 0:00:17]} d3 {[%emt 0:01:25]} 61. Nf5 {[%emt 0:00:38]} Ng5 {[%emt 0:00:32]} 62. Kg3 {[%emt 0:01:25]} Kxa6 {[%emt 0:00:13]} 63. Kf4 {[%emt 0:00:12]} Nh7 {[%emt 0:00:24]} 64. h6 {[%emt 0:00:09]} Kb6 {[%emt 0:00:38]} 65. Kxe4 {[%emt 0:01:03]} d2 {[%emt 0:00:23]} 66. Ne3 {[%emt 0:00:34]} Kc6 {[%emt 0:00:53]} 67. Kf5 {[%emt 0:00:15]} Kd6 {[%emt 0:00:20]} 68. Kg6 {[%emt 0:00:06]} Nf8+ {[%emt 0:00:10]} 69. Kf7 {[%emt 0:00:29]} Ne6 {[%emt 0:00:43]} 70. Kf6 {[%emt 0:00:16]} Nf4 {[%emt 0:00:47]} 71. h7 {[%emt 0:01:38]} Nd5+ {[%emt 0:00:12]} 72. Kf7 {[%emt 0:00:06]} Nxe3 {[%emt 0:00:12]} 73. Be2 {[%emt 0:00:01]} Kd5 1-0

[Event "HUN-chW Preliminary 2019"]
[Site "Budapest"]
[Date "2019.12.04"]
[Round "1.3"]
[White "Fuad Kamel Jamaliah, Natalie"]
[Black "Goczo, Melinda"]
[Result "0-1"]
[WhiteElo "2029"]
[BlackElo "2222"]
[Annotator "TA"]
[PlyCount "42"]
[EventDate "2019.12.04"]
[EventType "k.o."]
[EventCountry "HUN"]
[SourceTitle "playchess.com"]
[Source "ChessBase"]
[SourceQuality "1"]

{[%evp 9,58,-11,25,0,0,-37,-28,-77,-70,-84,-50,-46,-45,-60,-51,-61,-43,-39,-39,-74,-57,-79,-62,-63,-53,-80,-87,-95,-108,-98,-93,-105,-90,-107,-112,-122,-139,-209,-199,-220,-224,-211,-182,-283,-261,-706,-701,-690,-687,-744,-713]} 1. d4 d6 2. Bf4 Nd7 (2... g6 3. Nc3 Bg7 4. e4 a6 5. Qd2 b5 6. Nf3 Bb7 7. Bd3 Nd7 8. O-O c5 9. dxc5 Nxc5 10. b4 Nxd3 11. cxd3 Nf6 12. Bh6 {0-1 (41) Demchenko,A (2679)-Petrosian,T (2598) St Petersburg 2018}) 3. e3 e5 4. dxe5 dxe5 5. Bg3 g6 $146 ({Predecessor:} 5... Ngf6 6. Nd2 h6 7. Nc4 e4 8. Ne2 a6 9. Nd4 g6 10. c3 {0-1 (31) Nomindalai,T (2061)-Muetsch,A (2266) Mumbai 2019}) 6. Bc4 {A41: 1 d4 d6: Tartakower System and Modern Defence} Bg7 7. c3 Qe7 8. h3 {Black has an edge.} Nh6 9. e4 Nb6 10. Bb3 a5 {[%cal Ba7a5,Ba5a4][%mdl 32]} 11. Nd2 a4 12. Bc2 $1 Bd7 13. Qe2 Qc5 14. a3 Bb5 15. Bd3 Bxd3 16. Qxd3 O-O 17. Ngf3 Rfd8 $36 {[%mdl 2048] Keeping White busy.} 18. Qe2 f6 19. O-O Nf7 20. Rfd1 Nd6 21. Ne1 Rd7 {Played: Qc5-b5} 0-1

[Event "HUN-chW Preliminary 2019"]
[Site "Budapest"]
[Date "2019.12.04"]
[Round "1.4"]
[White "Demeter, Dorina"]
[Black "Gal, Hanna Krisztina"]
[Result "1/2-1/2"]
[WhiteElo "2063"]
[BlackElo "2174"]
[Annotator "TA"]
[PlyCount "83"]
[EventDate "2019.12.04"]
[EventType "k.o."]
[EventCountry "HUN"]
[SourceTitle "playchess.com"]
[Source "ChessBase"]
[SourceQuality "1"]

{[%evp 18,83,-9,-9,-9,-10,-10,-10,0,-14,-19,-23,-14,-15,-15,-11,0,-54,-3,-19,0,-32,-6,-10,-18,-29,0,0,0,-5,0,0,0,0,0,0,0,-7,-7,-7,0,0,0,0,0,0,0,0,0,-1,0,0,0,-422,0,0,0,0,0,0,0,0,0,0,0,0,0,0]} 1. Nf3 Nf6 2. c4 g6 3. Nc3 Bg7 4. e4 d6 5. d4 O-O 6. h3 e5 7. dxe5 dxe5 8. Qxd8 Rxd8 9. Bg5 Na6 10. Nd5 Rd6 {E90: King's Indian: Classical: Early deviations and 6 h3} 11. Bxf6 Bxf6 12. Rc1 b6 (12... Bd8 13. c5 Re6 14. a3 c6 15. Bxa6 cxd5 16. Bd3 dxe4 17. Bxe4 Re7 18. O-O {½-½ (68) Ipatov,A (2650)-Smirin,I (2599) Saint Louis 2019}) 13. c5 Nxc5 {...Bb7 is the strong threat.} 14. Nxc7 Rb8 $146 {[#] And now ...Rc6 would win.} (14... Rc6 {keeps more tension.} 15. Nxa8 Nd3+ 16. Kd2 Rxc1 17. Rg1 Bb7) ({Predecessor:} 14... Rc6 15. Nxa8 Nd3+ 16. Kd2 Rxc1 17. Rg1 Bb7 18. Bxd3 Rxg1 19. Nxg1 {½-½ (19) Kutlu,H (1855)-Ghyssens,D (2183) ICCF email 2008}) 15. Ne8 Re6 16. Nxf6+ Rxf6 17. Nd2 ({White should play} 17. Nxe5 $11 Nxe4 18. Be2) 17... Bb7 ({Better is} 17... Rc6 $15 18. Rc3 Bd7) 18. f3 $11 Rc6 {[#] Strongly threatening ...Nd3+!} 19. Rc3 Ne6 20. Rxc6 Bxc6 21. Bc4 Nd4 22. Nb3 Rd8 23. O-O b5 24. Nxd4 Rxd4 {[%mdl 4096] Endgame KRB-KRB} 25. Bb3 a5 26. Rc1 Bd7 27. Rd1 Rxd1+ 28. Bxd1 {KB-KB} g5 29. a3 b4 30. axb4 axb4 31. g3 f6 32. Kf2 Kf7 33. h4 Ke6 34. Ke3 Kd6 35. f4 $2 {[%mdl 8192]} (35. Bc2 $11) 35... h6 $2 (35... exf4+ $19 36. gxf4 gxh4) 36. hxg5 {The position is equal.} hxg5 37. fxg5 fxg5 38. Bb3 Kc5 39. Bd5 Bc8 40. b3 Bd7 41. Bc4 Bc8 42. Kd3 {Accuracy: White = 65%, Black = 51%.} 1/2-1/2